Nursery rhymes picture book.

Bibliographic Details
Format: Microform Book
Language:English
Published: London : Amex Co., [1950?]
Series:Opie collection of children's literature ; 019:071.
Subjects:

MARC

Tag First Indicator Second Indicator Subfields
LEADER 00000cam a2200000Ia 4500
001 in00002552921
005 20151201154126.0
007 he amv---bacp
007 hd bfv---baap
008 970514s1950 enka jb 000 0 eng d
035 |a (OCoLC)ocm36905144 
037 |a CL0021000019  |b ProQuest Information and Learning, 300 N. Zeeb Rd., Ann Arbor, MI 48106-1346 
040 |a OPP  |c OPP  |d UtOrBLW 
049 |a OPPA 
090 |a PZ5  |b .O67 1990 no.019:071. 
245 0 0 |a Nursery rhymes picture book. 
264 1 |a London :  |b Amex Co.,  |c [1950?] 
300 |a 12 unnumbered pages :  |b illustrations 
336 |a text  |b txt  |2 rdacontent 
337 |a microform  |b h  |2 rdamedia 
338 |a microfiche  |b he  |2 rdacarrier 
500 |a Cover title. 
500 |a Date of publication suggested by the Bodleian Library. 
500 |a "A.203 Copyright 4"--Colophon. 
500 |a Reproduction of original in the Bodleian Library. 
505 0 |a Little Bo-peep -- Little Tommy Tucker -- Little Polly Flinders -- Higgledy piggledy -- Little Jack Horner -- Cock-a-doodle-doo -- To market, to market -- Yankee Doodle. 
510 4 |a Opie  |c N 416 
533 |a Microfiche.  |b Ann Arbor, Mich.  |c UMI,  |d 1996.  |e 1 microfiche.  |f (Opie collection of children's literature ; 019:071).  |7 s1996 miun b 
500 |a Microform. 
650 0 |a Nursery rhymes. 
830 0 |a Opie collection of children's literature ;  |v 019:071. 
999 |a MARS 
999 f f |s 8e170505-51ed-3109-9734-aca16829c71a  |i 334caeb9-7977-3e1e-9fb7-9a3db78afc23  |t 0 
952 f f |a Texas A&M University  |b College Station  |c Sterling C. Evans Library  |d Evans: Microforms Fiche (3rd floor)  |t 0  |e PZ5 .O67 1990 no.019:071.  |h Library of Congress classification 
998 f f |a PZ5 .O67 1990 no.019:071.  |t 0  |l Evans: Microforms Fiche (3rd floor)